00678 2200229 4500001002100000005001500021035002000036007000300056008004100059020002200100082002300122084002900145100001700174245005500191260007400246300002900320650001500349650001000364700001600374856003400390990002400424INLIS00000000000837320260513034257 a0010-0526000073ta260513 0 ind  a978-979-8943-22-5 a633.895/518(048.3) a633.895/518(048.3) SOR a0 aSORMIN, Remi1 aAbstrak Hasil Penelitian Pertanian Komoditas Karet aBogor :bPusat perpustakaan Dan Penyebaran Teknologi Pertanian,c2009 a294p. :bIlus ;c25.1 cm 4aPenelitian 4aKaret0 aDyah Artati aPerpustakaan BBRMP Jawa Timur a516/2026/BBRMPJATIM